| 000 | 00913nam a2200229 a 4500 | ||
|---|---|---|---|
| 001 | 55785 | ||
| 003 | BD-RjUL | ||
| 005 | 20211209080320.0 | ||
| 008 | 161121s1988 ii ||||| |||| 00| 0 ben d | ||
| 020 |
_a8171570062 _c: IRs 25.00 |
||
| 035 | _a(BD-RjUL)55909 | ||
| 040 |
_aBD-RjUL _bben _cBD-RjUL |
||
| 041 | _aben | ||
| 082 |
_223 _a891.4409 _bSEK 1988 |
||
| 100 |
_a সেনগুপ্ত, অচিন্তকুমার _9146887 |
||
| 245 | 1 | 0 |
_aকল্লোল যুগ / _cঅচিন্তকুমার সেনগুপ্ত |
| 260 |
_aকলিকাতা : _bএম. সি. সরকার, _c১৯৮৮ [১৩৯৫] |
||
| 300 |
_a১৯২ পৃ. ; _c২১ সেমি . |
||
| 650 |
_aবাংলা সাহিত্য _xইতিহাস ও সমালোচনা _9166112 |
||
| 650 |
_aBengali Literature _xHistory & Criticism _9166113 |
||
| 942 |
_2ddc _cBK |
||
| 999 |
_c55785 _d55785 |
||